000 03214nkm0a2200481 4500
001 RU\NLR\BIBL_A\022644590
005 20260405134709.0
035 _a(NLR Aleph) 022644590
090 _a88969
_c88969
100 _a20251214 rusy50
101 0 _arus
102 _aRU
116 _aiiycxx bf ad
135 _acrcn 024anaba
181 0 _ab4
_bxb2e
182 0 _an
200 1 _aСостоя вкладчиком сберкассы, вы укрепляете военную мощь страны социализма
_eК сведению граждан Чечено-Ингушской АССР! На основании распоряжения Народного Коммисариата Финансов Союза ССР от 29 августа 1941 г., вклады, внесенные в сберегательные кассы с 23 июня 1941 года выдаются вкладчикам по их требованиям в любой сумме, без ограничения. Управление гострудсберкасс и госкредита ЧИАССР
_e[плакат]
203 _aИзображение
_bнеподвижное
_bдвухмерное
_bвизуальное
_cнепосредственное
210 _aГрозный
_cТипография им. 11 августа
_d[между 1941 и 1944]
215 _a1 л.
_cхромолитогр.
_d63х44,5
300 _aВ вып. дан.: СФ1287; Зак. № 2195
300 _aНа изобр. справа внизу факс. подписи художника: "Г. Лифоров"
325 _aКопия доступна в Электрон. б-ке РНБ
606 1 _aПлакат русский советский
_z1941 - 1945
_2nlr_sh2
_3RU\NLR\AUTH\661423877
_92387198
606 1 _aВеликая Отечественная война
_z1941 - 1945
_xЕдинство фронта и тыла
_jПлакаты
_2nlr_sh1
_2nlr_sh2
_3RU\NLR\AUTH\66182026
_91227401
606 1 _aВеликая Отечественная война
_z1941 - 1945
_yЧечено-Ингушская АССР
_jПлакаты
_2nlr_sh1
_2nlr_sh2
_3RU\NLR\AUTH\66184634
_91231989
606 1 _aСберегательные кассы
_yСССР
_jПлакаты
_2nlr_sh1
_3RU\NLR\AUTH\66991780
_91578561
686 _aЩ153(2Р=Рус)7-466
700 1 _aЛифоров
_bГ.
_4040
712 0 2 _aТипография им. "11 августа 1918 года"
_cГрозный
_3RU\NLR\AUTH\8810047198
_4610
_9594200
852 0 0 _aNLR
_bЭ
_jПлИр995/5-262
_mЭ036671
856 0 _uhttps://vivaldi.nlr.ru/la000070856/view
856 1 _uhttps://vivaldi.nlr.ru/la000070856/cover
856 2 _uhttps://vivaldi.nlr.ru/la000070856/text
901 _eИзографические материалы
942 _cVISUAL
945 _aРоссийская национальная библиотека
980 _aBV
980 _aNB
981 1 7 _a(17) Изографические материалы
_b(17) Плакаты